| Поле | Инд. | ПП | Название | Значение |
|---|---|---|---|---|
| Тип записи | a | |||
| Библиографический уровень | m | |||
| 001 | Контрольный номер | RU/LIBMSTU/279387210 | ||
| 005 | Дата корректировки | 20190814083653.1 | ||
| 020 | 00 | a | ISBN | 5-89747-017-0 |
| c | Цена, тираж | 45-00; 42-00 | ||
| 084 | a | Индекс другой классификации/Индекс ББК | 66.3(2Рос)+65.9(2Рос)-11 | |
| 090 | 00 | a | Полочн. индекс | 66.3(2Рос) |
| x | Авторский знак | П 18 | ||
| 100 | 10 | a | Автор | Паршев А. П. |
| 245 | 00 | a | Заглавие | Почему Россия не Америка |
| b | Продолж. заглавия | Книга для тех, кто остается здесь : нач. курс экономики | ||
| 260 | 00 | a | Место издания | Москва |
| b | Издательство | Крым. мост-9Д | ||
| b | Издательство | Форум | ||
| c | Дата издания | 2000 | ||
| 300 | 00 | a | Объем | 411 с. |
| 440 | 00 | a | Серия | Великое противостояние |
| 650 | _4 | a | Основная рубрика | Россия-Выбор пути развития |
| 653 | 00 | a | Ключевые слова | Интеграция |
| a | Ключевые слова | Конкурентоспособность | ||
| a | Ключевые слова | Профессиональная непригодность | ||
| 653 | 00 | a | Ключевые слова | Энергетические ресурсы |
| 901 | t | Тип документа | m | |
| 990 | 00 | f | Даты поступлений (DOS) | 06.01 |
| f | Даты поступлений (DOS) | 06.00 |